[Event "31st WCh U20 Girls"]
[Site "Kocaeli TUR"]
[Date "2013.09.14"]
[Round "2.18"]
[White "Pavlidou, Ekaterini"]
[Black "Gulay, Ayca Nuriye"]
[Result "1-0"]
[WhiteElo "2216"]
[BlackElo "1634"]
[EventDate "2013.09.13"]
[PlyCount "57"]

1.d4 d6 2.c4 g6 3.Nc3 Bg7 4.e4 Nd7 5.Nf3 e6 6.Be2 h6 7.O-O g5 8.Ne1 Ne7 9.
Nc2 O-O 10.Bd2 f5 11.d5 e5 12.exf5 Nxf5 13.Ne4 Nf6 14.Bd3 Bd7 15.Qe1 Qc8 
16.Rc1 Nh4 17.f3 Nh7 18.Ne3 Bh3 19.gxh3 Qxh3 20.Qg3 Rxf3 21.Qxh3 Rxh3 22.
Be2 Ng6 23.Bg4 Nf4 24.Bxh3 Nxh3+ 25.Kh1 Nf4 26.c5 Nf6 27.Nxf6+ Bxf6 28.
cxd6 cxd6 29.Rc7 1-0

[Event "31st WCh U20 Girls"]
[Site "Kocaeli TUR"]
[Date "2013.09.14"]
[Round "2.19"]
[White "Alev, Gonulden Seda"]
[Black "Khademalsharieh, Sarasadat"]
[Result "0-1"]
[WhiteElo "1632"]
[BlackElo "2303"]
[EventDate "2013.09.13"]
[PlyCount "82"]

1.e4 e5 2.Nf3 Nc6 3.Nc3 Nf6 4.d4 exd4 5.Nxd4 Bb4 6.Nxc6 bxc6 7.Bd3 d6 8.
O-O Ng4 9.h3 Ne5 10.Be3 O-O 11.f4 Nxd3 12.cxd3 Bxc3 13.bxc3 f5 14.e5 Be6 
15.Qc2 dxe5 16.fxe5 Qd5 17.d4 Rab8 18.Rf2 Qc4 19.Bg5 Rf7 20.Bc1 Bd5 21.Ba3
Be4 22.Qd2 Re8 23.Bc5 a5 24.Rc1 h6 25.Qe2 Bd3 26.Qf3 Re6 27.Qh5 f4 28.Qf3 
Rg6 29.Rd1 Bf5 30.Rdf1 Be6 31.Qxc6 Kh7 32.Qf3 Bd5 33.Qd1 Qxc3 34.Qc2 Qe3 
35.Kh2 Qg3+ 36.Kg1 f3 37.e6 Rf4 38.e7 fxg2 39.e8=Q gxf1=Q+ 40.Kxf1 Qg1+ 
41.Ke2 Rxf2+ 0-1

[Event "31st WCh U20 Girls"]
[Site "Kocaeli TUR"]
[Date "2013.09.14"]
[Round "2.20"]
[White "Anu Bayar"]
[Black "Martinez, Ayelen"]
[Result "1/2-1/2"]
[WhiteElo "2012"]
[BlackElo "2101"]
[EventDate "2013.09.13"]
[PlyCount "69"]

1.d4 Nf6 2.c4 g6 3.Nf3 Bg7 4.g3 O-O 5.Bg2 d6 6.Nc3 Nc6 7.O-O a6 8.Qd3 e5 
9.dxe5 dxe5 10.Qxd8 Rxd8 11.Bg5 Be6 12.Nd2 h6 13.Bxf6 Rxd2 14.Bxg7 Kxg7 
15.Bxc6 bxc6 16.b3 Rad8 17.Rfd1 f5 18.Kf1 R2d6 19.c5 Rd4 20.e3 Rxd1+ 21.
Rxd1 Rxd1+ 22.Nxd1 e4 23.Ke2 Kf6 24.Kd2 Ke5 25.Nb2 g5 26.Kc3 Kd5 27.b4 Ke5
28.Nc4+ Bxc4 29.Kxc4 g4 30.a3 Ke6 31.Kd4 Kf6 32.Kc3 Ke6 33.Kd4 Kf6 34.Kc3 
Ke6 35.Kd4 1/2-1/2

[Event "31st WCh U20 Girls"]
[Site "Kocaeli TUR"]
[Date "2013.09.14"]
[Round "2.21"]
[White "De Seroux, Camille"]
[Black "Gueci, Laura"]
[Result "0-1"]
[WhiteElo "2108"]
[BlackElo "1904"]
[EventDate "2013.09.13"]
[PlyCount "74"]

1.e4 c5 2.Nf3 Nc6 3.d4 cxd4 4.Nxd4 g6 5.c4 Nf6 6.Nc3 Nxd4 7.Qxd4 d6 8.Be2 
Bg7 9.Be3 O-O 10.Qd1 Qa5 11.O-O Bd7 12.f3 Rfc8 13.a3 Be6 14.Nd5 Bxd5 15.
exd5 Qd8 16.Rc1 Nd7 17.b4 b6 18.f4 a5 19.Bd4 Qf8 20.Bg4 f5 21.Bf3 Bxd4+ 
22.Qxd4 Qf6 23.Qd2 axb4 24.axb4 Ra3 25.Rfe1 Rca8 26.Re6 Qg7 27.Qe1 Ra1 28.
Rd1 Rxd1 29.Bxd1 Qd4+ 30.Kf1 Ra1 31.Ke2 Qxc4+ 32.Kf2 Qxf4+ 33.Ke2 Ne5 34.
Qd2 Qc4+ 35.Ke1 Nd3+ 36.Kf1 Nb2+ 37.Kf2 Nxd1+ 0-1

[Event "31st WCh U20 Girls"]
[Site "Kocaeli TUR"]
[Date "2013.09.14"]
[Round "2.22"]
[White "Zdilar, Emilija"]
[Black "Miladinovic, Lena"]
[Result "0-1"]
[WhiteElo "1885"]
[BlackElo "2080"]
[EventDate "2013.09.13"]
[PlyCount "102"]

1.e4 c5 2.Nc3 Nc6 3.f4 e6 4.Nf3 Nge7 5.Bb5 a6 6.Bxc6 Nxc6 7.O-O d5 8.d3 
Be7 9.e5 f5 10.Qe1 O-O 11.a3 b5 12.Ne2 d4 13.Kh1 Bb7 14.Bd2 Qd7 15.Qg3 
Rac8 16.Ng5 h6 17.Nh3 Rfd8 18.Qg6 Bf8 19.Neg1 c4 20.Nf3 Ne7 21.Qh5 cxd3 
22.cxd3 Rc2 23.Ba5 Rdc8 24.Rab1 Nd5 25.Qg6 Ne7 26.Qh5 g6 27.Qh4 Bg7 28.Ne1
Rc1 29.Nf3 Rxf1+ 30.Rxf1 Nd5 31.Qg3 Ne3 32.Re1 Rc2 33.Bd2 Bxf3 34.Bxe3 
Bxg2+ 35.Kg1 dxe3 36.Qxe3 Bxh3 37.Qxh3 Qd4+ 38.Kh1 Qxf4 39.Qg3 Qxg3 40.
hxg3 Rd2 41.Re3 Rxb2 42.d4 Rd2 43.Rc3 Rxd4 44.Rc6 Bxe5 45.Rxe6 Bxg3 46.
Rxg6+ Kf7 47.Rxg3 Rh4+ 48.Kg2 Rg4 49.Kf3 Rxg3+ 50.Kxg3 a5 51.Kf3 h5 0-1

[Event "31st WCh U20 Girls"]
[Site "Kocaeli TUR"]
[Date "2013.09.14"]
[Round "2.23"]
[White "Derakhshani, Dorsa"]
[Black "Anjana Krishna, S."]
[Result "1-0"]
[WhiteElo "2078"]
[BlackElo "1881"]
[EventDate "2013.09.13"]
[PlyCount "51"]

1.e4 e5 2.Nf3 Nf6 3.Nxe5 d6 4.Nf3 Nxe4 5.d4 d5 6.Bd3 Bd6 7.O-O O-O 8.c4 c6
9.Re1 Nf6 10.Bg5 Bg4 11.Nbd2 Nbd7 12.Qc2 h6 13.Bh4 dxc4 14.Bxc4 Bb4 15.Re3
Nb6 16.Ne4 Be7 17.Ne5 Nxe4 18.Bxe7 Qxe7 19.Nxg4 Nxc4 20.Qxc4 h5 21.f3 Nd6 
22.Qc5 Qd8 23.Qxh5 Nc4 24.Re4 f5 25.Nh6+ gxh6 26.Qg6+ 1-0

[Event "31st WCh U20 Girls"]
[Site "Kocaeli TUR"]
[Date "2013.09.14"]
[Round "2.24"]
[White "Barbosa, Larissa Ichimura"]
[Black "Imeeva, Aisa"]
[Result "1/2-1/2"]
[WhiteElo "1868"]
[BlackElo "2067"]
[EventDate "2013.09.13"]
[PlyCount "67"]

1.e4 e5 2.Nf3 Nc6 3.Bc4 Bc5 4.c3 Nf6 5.d3 d6 6.O-O h6 7.b4 Bb6 8.a4 a6 9.
Nbd2 O-O 10.h3 d5 11.Bb3 Re8 12.Bb2 d4 13.Nc4 dxc3 14.Bxc3 Bd4 15.Bxd4 
exd4 16.Qd2 Be6 17.b5 Ne7 18.Na5 b6 19.Bxe6 fxe6 20.Nc4 c5 21.bxc6 Nxc6 
22.Nce5 Nxe5 23.Nxe5 Qc7 24.f4 Nd7 25.Rac1 Nc5 26.Qb4 a5 27.Qxd4 Qa7 28.
Qc4 Nxa4 29.Nc6 b5+ 30.Nxa7 bxc4 31.Rxc4 Nb2 32.Rc7 a4 33.d4 Nd3 34.Ra1 
1/2-1/2

[Event "31st WCh U20 Girls"]
[Site "Kocaeli TUR"]
[Date "2013.09.14"]
[Round "2.25"]
[White "Liu Hongyan"]
[Black "Fuentes Godoy, Lilia Ivonne"]
[Result "1/2-1/2"]
[WhiteElo "2065"]
[BlackElo "1829"]
[EventDate "2013.09.13"]
[PlyCount "93"]

1.d4 c5 2.d5 f5 3.Nc3 Nf6 4.g3 g6 5.Bg2 d6 6.Nh3 Na6 7.O-O Bg7 8.Nf4 Nc7 
9.a4 O-O 10.Na2 b6 11.Rb1 Bd7 12.c4 a5 13.Nc3 Rb8 14.h3 Re8 15.Re1 e5 16.
dxe6 Bxe6 17.Nxe6 Rxe6 18.Bg5 h6 19.Bxf6 Bxf6 20.Bd5 Nxd5 21.Qxd5 Qd7 22.
e4 Re8 23.exf5 gxf5 24.Rf1 Be5 25.Nb5 Kh8 26.Rbd1 f4 27.g4 h5 28.f3 hxg4 
29.hxg4 Qh7 30.Kg2 Bxb2 31.Qh5 Qxh5 32.gxh5 Be5 33.Kf2 Rh6 34.Rh1 Rg8 35.
Rh3 Rg5 36.Rdh1 Kg7 37.Nc7 Bd4+ 38.Kf1 Kf7 39.Nd5 Re5 40.Rh4 Be3 41.Nxe3 
fxe3 42.Ke2 Ke6 43.Re4 d5 44.cxd5+ Kxd5 45.Rxe5+ Kxe5 46.Kxe3 Kf5 47.f4 
1/2-1/2

[Event "31st WCh U20 Girls"]
[Site "Kocaeli TUR"]
[Date "2013.09.14"]
[Round "2.26"]
[White "Alymbay Kyzy, Aizhan"]
[Black "Sviridova, Vlada"]
[Result "1/2-1/2"]
[WhiteElo "1820"]
[BlackElo "2063"]
[EventDate "2013.09.13"]
[PlyCount "98"]

1.e4 e6 2.d4 d5 3.e5 c5 4.c3 Qb6 5.Nf3 Nc6 6.a3 c4 7.Nbd2 Na5 8.Be2 Bd7 9.
O-O Ne7 10.Rb1 Qc7 11.h3 Nc8 12.Nh2 Nb6 13.Ng4 O-O-O 14.Qe1 h5 15.Ne3 f6 
16.f4 g5 17.fxg5 fxe5 18.dxe5 Qxe5 19.Nf3 Qe4 20.Bd2 Bc5 21.Nd4 e5 22.Bf3 
Qd3 23.b4 cxb3 24.Nxb3 Nxb3 25.Rxb3 Ba4 26.Bd1 Bxb3 27.Bxb3 Nc4 28.Bxc4 
dxc4 29.Bc1 Rhf8 30.Rxf8 Rxf8 31.Kh2 Bd6 32.h4 Qe4 33.g3 Rf3 34.Qd2 Bc5 
35.Qd5 Rf2+ 36.Kh3 Qxd5 37.Nxd5 Rf8 38.Nf6 Rxf6 39.gxf6 Kd7 40.g4 hxg4+ 
41.Kxg4 Ke6 42.Kg5 e4 43.Kg6 e3 44.h5 e2 45.Bd2 Bxa3 46.f7 Bf8 47.h6 Bxh6 
48.Bxh6 e1=Q 49.f8=Q Ke5 1/2-1/2

[Event "31st WCh U20 Girls"]
[Site "Kocaeli TUR"]
[Date "2013.09.14"]
[Round "2.27"]
[White "Edes, Zsofia"]
[Black "Arig, Busra"]
[Result "0-1"]
[WhiteElo "2044"]
[BlackElo "1788"]
[EventDate "2013.09.13"]
[PlyCount "72"]

1.d4 Nf6 2.Nf3 e6 3.c4 b6 4.Bf4 Bb7 5.e3 Bb4+ 6.Nc3 c5 7.Be2 O-O 8.O-O 
cxd4 9.exd4 Bxc3 10.bxc3 Ne4 11.Qb3 d6 12.Qa3 g5 13.Be3 f5 14.Nd2 f4 15.
Nxe4 Bxe4 16.f3 Bf5 17.Bf2 Nc6 18.d5 Ne5 19.Rad1 Qc7 20.Rd4 Rac8 21.Rc1 
Qe7 22.g3 fxg3 23.Bxg3 exd5 24.Rxd5 Nxc4 25.Bxc4 Rxc4 26.Re1 Qf7 27.Rxd6 
Bh3 28.Rh6 Bf5 29.Re7 Qd5 30.Qxa7 Qd1+ 31.Re1 Qxf3 32.Qxb6 Qd5 33.Rd6 Qf7 
34.Qe3 Qg7 35.Be5 Rg4+ 36.Kh1 Qb7+ 0-1

[Event "31st WCh U20 Girls"]
[Site "Kocaeli TUR"]
[Date "2013.09.14"]
[Round "2.29"]
[White "Nasriddinzoda, Marvorii"]
[Black "Assaubaeva, Bibisara"]
[Result "1/2-1/2"]
[WhiteElo "2032"]
[BlackElo "1761"]
[EventDate "2013.09.13"]
[PlyCount "70"]

1.d4 Nf6 2.Bg5 g6 3.Bxf6 exf6 4.g3 d5 5.Bg2 c6 6.e3 Bg7 7.Ne2 f5 8.O-O O-O
9.Nd2 Nd7 10.Rc1 Nf6 11.b3 Ne4 12.c4 Re8 13.cxd5 cxd5 14.Nb1 b6 15.Nbc3 
Ba6 16.Re1 Rc8 17.b4 Bc4 18.b5 Qe7 19.Qa4 Nxf2 20.Nf4 Nd3 21.Nxd3 Bxd3 22.
Nxd5 Qd7 23.Rxc8 Qxc8 24.Qa3 Qc2 25.Nb4 Qd2 26.Nxd3 Rxe3 27.Rc1 Bxd4 28.
Kh1 Rxd3 29.Rc8+ Kg7 30.Qf8+ Kf6 31.Qd8+ Kg7 32.Qf8+ Kf6 33.Qd8+ Kg7 34.
Qf8+ Kf6 35.Qd8+ Ke5 1/2-1/2

[Event "31st WCh U20 Girls"]
[Site "Kocaeli TUR"]
[Date "2013.09.14"]
[Round "2.30"]
[White "Guney, Gamze Nur"]
[Black "Karabaeva, Zhanna"]
[Result "0-1"]
[WhiteElo "1731"]
[BlackElo "2029"]
[EventDate "2013.09.13"]
[PlyCount "70"]

1.d4 Nf6 2.c4 g6 3.Nf3 Bg7 4.e3 O-O 5.Bd3 d6 6.h3 Nc6 7.O-O e5 8.Nc3 Nd7 
9.d5 Ne7 10.e4 a5 11.Bc2 Nc5 12.a3 f5 13.Bd2 f4 14.b4 axb4 15.axb4 Rxa1 
16.Qxa1 Nd7 17.Ng5 Nb6 18.c5 Nc4 19.Bc1 Nxd5 20.exd5 Qxg5 21.Ne4 Qe7 22.
Qc3 b5 23.Bb3 Bf5 24.f3 g5 25.Bxc4 bxc4 26.Qxc4 h5 27.cxd6 cxd6 28.Qc6 
Bxe4 29.fxe4 g4 30.Kh2 Qh4 31.Qc3 Qf6 32.Qd2 Qg6 33.Qe2 Bh6 34.Rg1 Kh7 35.
Qf2 g3+ 0-1

[Event "31st WCh U20 Girls"]
[Site "Kocaeli TUR"]
[Date "2013.09.14"]
[Round "2.31"]
[White "Aslan, Cagla Yaren"]
[Black "Krumova, Ani"]
[Result "1/2-1/2"]
[WhiteElo "1697"]
[BlackElo "1993"]
[EventDate "2013.09.13"]
[PlyCount "88"]

1.e4 c5 2.Nf3 Nc6 3.d3 g6 4.g3 Bg7 5.Bg2 e6 6.O-O Nge7 7.Re1 O-O 8.c3 d5 
9.e5 Rb8 10.h4 b5 11.h5 h6 12.Nbd2 b4 13.Nf1 Qa5 14.Bd2 Ba6 15.Qc1 Kh7 16.
c4 dxc4 17.dxc4 Qc7 18.N1h2 gxh5 19.Qc2+ Ng6 20.Qe4 Nxe5 21.Bf4 f5 22.Bxe5
Nxe5 23.Qh4 Nxf3+ 24.Nxf3 Ra8 25.Qxh5 Bxc4 26.Qh4 Bd5 27.Ng5+ Kg8 28.Bxd5 
hxg5 29.Rxe6 gxh4 30.Re7+ Kh8 31.Rxc7 hxg3 32.Kg2 Rf6 33.Rh1+ Rh6 34.Rxh6+
Bxh6 35.Kxg3 Bg7 36.Rxc5 Bxb2 37.Bc4 Be5+ 38.f4 Bd6 39.Rxf5 Rf8 40.Rxf8+ 
Bxf8 41.Bb3 Kg7 42.Kg4 Kf6 43.f5 a5 44.Kf4 Bd6+ 1/2-1/2

[Event "31st WCh U20 Girls"]
[Site "Kocaeli TUR"]
[Date "2013.09.14"]
[Round "2.32"]
[White "Savant, Riya"]
[Black "Soydan, Busra"]
[Result "1-0"]
[WhiteElo "1960"]
[BlackElo "1709"]
[EventDate "2013.09.13"]
[PlyCount "57"]

1.d4 Nf6 2.g3 c5 3.Nf3 cxd4 4.Nxd4 Nc6 5.Bg2 e5 6.Nb5 a6 7.Nd6+ Bxd6 8.
Qxd6 Qe7 9.Qd1 d6 10.c4 Be6 11.b3 O-O 12.O-O h6 13.Ba3 Rfd8 14.Nc3 Rab8 
15.Qd2 Nd4 16.e3 Nf5 17.f4 exf4 18.Rxf4 g5 19.Rff1 b5 20.e4 Ng7 21.Bb2 
Nge8 22.Nd5 Nxd5 23.exd5 Bc8 24.Rae1 Qf8 25.Be4 Ng7 26.Bb1 Re8 27.Rf6 
Rxe1+ 28.Qxe1 Ne8 29.Qe4 1-0

[Event "31st WCh U20 Girls"]
[Site "Kocaeli TUR"]
[Date "2013.09.14"]
[Round "2.33"]
[White "Firat, Deniz"]
[Black "Matute Loja, Belen"]
[Result "1-0"]
[WhiteElo "1664"]
[BlackElo "1955"]
[EventDate "2013.09.13"]
[PlyCount "105"]

1.d4 Nf6 2.c4 g6 3.Nf3 Bg7 4.g3 O-O 5.Bg2 d6 6.O-O Nc6 7.Nc3 e5 8.d5 Ne7 
9.e4 h6 10.Ne1 Nh7 11.Nd3 f5 12.f3 g5 13.Be3 f4 14.Bf2 fxg3 15.hxg3 Ng6 
16.b4 Nf6 17.Rc1 g4 18.c5 Rf7 19.a4 h5 20.Qe2 gxf3 21.Bxf3 Bh3 22.Bg2 Bxg2
23.Kxg2 Qd7 24.Rh1 Raf8 25.cxd6 cxd6 26.Bxa7 h4 27.Nb5 hxg3 28.Rc7 Qg4 29.
Qxg4 Nxg4 30.Rxf7 Rxf7 31.Kxg3 Nf6 32.Re1 Bf8 33.Bb8 Rg7 34.Kh2 Ng4+ 35.
Kg3 Nf6 36.Kf2 Nh4 37.Nxd6 Rg2+ 38.Kf1 Ng4 39.Re2 Rg3 40.Nc5 Nf3 41.Ra2 
Nfh2+ 42.Rxh2 Nxh2+ 43.Kf2 Ra3 44.Ndxb7 Ng4+ 45.Kg2 Ne3+ 46.Kg1 Nc2 47.b5 
Rc3 48.d6 Kf7 49.d7 Bxc5+ 50.Nxc5 Ke7 51.Bd6+ Kd8 52.b6 Nd4 53.Bc7+ 1-0

[Event "31st WCh U20 Girls"]
[Site "Kocaeli TUR"]
[Date "2013.09.14"]
[Round "2.34"]
[White "Racki, Barbara"]
[Black "Tuzi, Bruna"]
[Result "1/2-1/2"]
[WhiteElo "1946"]
[BlackElo "1687"]
[EventDate "2013.09.13"]
[PlyCount "27"]

1.e4 c5 2.c3 d5 3.exd5 Qxd5 4.d4 e6 5.Nf3 Nf6 6.Bd3 Be7 7.Be3 cxd4 8.cxd4 
O-O 9.Nc3 Qd8 10.O-O Nc6 11.a3 Re8 12.Qc2 h6 13.Rad1 Kf8 14.Rfe1 1/2-1/2

[Event "31st WCh U20 Girls"]
[Site "Kocaeli TUR"]
[Date "2013.09.14"]
[Round "2.35"]
[White "Sen, Beril Berfin"]
[Black "Leonardi, Caterina"]
[Result "1/2-1/2"]
[WhiteElo "1609"]
[BlackElo "1944"]
[EventDate "2013.09.13"]
[PlyCount "129"]

1.d4 d5 2.c4 c6 3.Nc3 Nf6 4.Nf3 g6 5.e3 Bg7 6.Bd3 O-O 7.O-O b6 8.b3 Bb7 9.
Bb2 Na6 10.Rc1 c5 11.cxd5 Nxd5 12.Nxd5 Qxd5 13.Qe2 Nb4 14.Bc4 Qh5 15.a3 
Nd5 16.Rfd1 Rac8 17.Ba6 Bxa6 18.Qxa6 Rc7 19.Qe2 Rfc8 20.dxc5 Rxc5 21.Rxc5 
Rxc5 22.Bxg7 Kxg7 23.Qb2+ Nf6 24.h3 Qf5 25.Nd4 Qc8 26.b4 Rg5 27.Nf3 Rh5 
28.Rc1 Qd7 29.Qc3 Rd5 30.Nd4 e5 31.Nf3 Qe6 32.Qc6 Qf5 33.Qc2 Qd7 34.Qc6 
Qf5 35.Qc2 Ne4 36.Qc8 Rd1+ 37.Kh2 Rxc1 38.Qxc1 Nxf2 39.Qc7 Nd1 40.Qxe5+ 
Qxe5+ 41.Nxe5 Nxe3 42.b5 Kf6 43.Nc6 Nc4 44.a4 Nb2 45.Nxa7 Nxa4 46.Kg3 Ke6 
47.Kf4 f6 48.h4 Nc3 49.g3 Nd5+ 50.Ke4 Ne7 51.g4 Kd6 52.h5 f5+ 53.gxf5 
gxf5+ 54.Kf4 h6 55.Kf3 Kc7 56.Kf4 Kb7 57.Nc6 Nxc6 58.bxc6+ Kxc6 59.Kxf5 b5
60.Kg6 b4 61.Kxh6 b3 62.Kg7 b2 63.h6 b1=Q 64.h7 Qg1+ 65.Kh8 1/2-1/2

[Event "31st WCh U20 Girls"]
[Site "Kocaeli TUR"]
[Date "2013.09.14"]
[Round "2.37"]
[White "Adanmis, Ezgi"]
[Black "Shristi Shetty, J."]
[Result "0-1"]
[WhiteElo "1499"]
[BlackElo "1909"]
[EventDate "2013.09.13"]
[PlyCount "70"]

1.e4 c5 2.d4 cxd4 3.c3 dxc3 4.Nxc3 d6 5.Nf3 a6 6.Bc4 e6 7.O-O b5 8.Bb3 Nf6
9.Qe2 Nbd7 10.Rd1 Bb7 11.Bf4 b4 12.Na4 Nxe4 13.Rd4 d5 14.Rc1 Rc8 15.Rdd1 
Be7 16.Rxc8 Qxc8 17.Rc1 Qa8 18.Bc7 O-O 19.Ba5 Rc8 20.Rd1 Bc6 21.Nd4 Qb7 
22.Bc2 Bb5 23.Qe1 Rxc2 24.Nxc2 Bxa4 25.b3 Bc5 26.Ne3 Bc6 27.Kh1 Ne5 28.f3 
Nc3 29.Rd2 Qb5 30.Bc7 Nd3 31.Qf1 Bxe3 32.Rxd3 d4 33.Bg3 h6 34.Be1 Nxa2 35.
Qe2 Nc1 0-1

[Event "31st WCh U20 Girls"]
[Site "Kocaeli TUR"]
[Date "2013.09.14"]
[Round "2.38"]
[White "Soylemez, Cansu"]
[Black "Micoogullari, Lara"]
[Result "1/2-1/2"]
[WhiteElo "1905"]
[BlackElo "1585"]
[EventDate "2013.09.13"]
[PlyCount "83"]

1.d4 c5 2.d5 Nf6 3.c4 b5 4.cxb5 a6 5.b6 d6 6.Nc3 g6 7.a4 Qxb6 8.e4 Bg7 9.
Be2 Qb4 10.f3 Nbd7 11.a5 O-O 12.Ra4 Qb7 13.f4 Ne8 14.Nf3 Nc7 15.Qd3 Nf6 
16.O-O Bd7 17.Ra2 Nb5 18.Bd2 e6 19.Rd1 exd5 20.Nxd5 Nxd5 21.exd5 Nd4 22.
Nxd4 Bxd4+ 23.Kh1 Qxd5 24.Qa3 Be6 25.Raa1 Rab8 26.Bc3 Qe4 27.Bxa6 Bxc3 28.
Qxc3 Rb3 29.Qc1 c4 30.Rxd6 Bd5 31.Qd2 Re8 32.Rxd5 Rxb2 33.Rg1 Rxd2 34.Rxd2
c3 35.Re2 Qxe2 36.Bxe2 Rxe2 37.h3 Ra2 38.Rc1 Rxa5 39.Rxc3 Ra4 40.Rf3 Kg7 
41.Kh2 Kf6 42.g4 1/2-1/2

[Event "31st WCh U20 Girls"]
[Site "Kocaeli TUR"]
[Date "2013.09.15"]
[Round "3.1"]
[White "Sihite, Chelsie Monica"]
[Black "Goryachkina, Alexandra"]
[Result "0-1"]
[WhiteElo "2282"]
[BlackElo "2418"]
[EventDate "2013.09.13"]
[PlyCount "142"]

1.e4 c5 2.Nf3 Nc6 3.Bb5 d6 4.O-O Bd7 5.Re1 a6 6.Bf1 Bg4 7.h3 Bxf3 8.Qxf3 
Nf6 9.c3 g6 10.d3 Bg7 11.Bf4 O-O 12.Qe3 Nd7 13.Nd2 b5 14.Bh6 Bxh6 15.Qxh6 
e5 16.g4 Qf6 17.Bg2 Rac8 18.Nf1 Nd8 19.a4 Ne6 20.Ne3 Nf4 21.Bf1 Ra8 22.a5 
Rfe8 23.Rad1 Rad8 24.Be2 Qg7 25.Qh4 Kh8 26.Kh2 f6 27.Bf3 Nb8 28.Rg1 Ne6 
29.Nd5 Rf8 30.Bh1 Nc6 31.Rdf1 Ne7 32.Ne3 Nf4 33.g5 Nxd3 34.b3 Qf7 35.Rg3 
Nf4 36.Ng4 fxg5 37.Qxg5 Ng8 38.Ne3 Nh5 39.Rf3 Qe7 40.Qg4 Nh6 41.Rxf8+ Rxf8
42.Qd1 Nf4 43.Nd5 Qh4 44.Nxf4 Rxf4 45.f3 Rf6 46.b4 cxb4 47.cxb4 Qf4+ 48.
Kg2 Nf7 49.Qc1 Kg7 50.Qxf4 exf4 51.Rc1 Ne5 52.Rc3 Rf7 53.Kf2 Kf6 54.Bg2 
Ke6 55.h4 Nc4 56.Bh3+ Ke5 57.Bc8 Kd4 58.Rc1 Ra7 59.Ke2 d5 60.Rd1+ Kc3 61.
exd5 Nd6 62.Rc1+ Kxb4 63.Kd3 Kxa5 64.Rc6 Nxc8 65.Rxc8 b4 66.Kc4 Rb7 67.Kb3
Kb5 68.d6 a5 69.Rc7 Kb6 70.Rc4 Rd7 71.Rd4 Kc5 0-1

[Event "31st WCh U20 Girls"]
[Site "Kocaeli TUR"]
[Date "2013.09.15"]
[Round "3.2"]
[White "Abdumalik, Zhansaya"]
[Black "Bulmaga, Irina"]
[Result "1/2-1/2"]
[WhiteElo "2277"]
[BlackElo "2387"]
[EventDate "2013.09.13"]
[PlyCount "86"]

1.e4 c5 2.Nf3 d6 3.d4 cxd4 4.Nxd4 Nf6 5.Nc3 a6 6.g3 e5 7.Nb3 Be7 8.Bg2 O-O
9.O-O h6 10.Be3 Be6 11.Qd2 Nbd7 12.Nd5 Bxd5 13.exd5 a5 14.Qe2 Qc7 15.c4 
Rfe8 16.Rac1 a4 17.Nd2 Bf8 18.Rb1 Nc5 19.Rfc1 b6 20.b4 axb3 21.axb3 Ra2 
22.b4 Nce4 23.Qd1 Nxd2 24.Bxd2 g6 25.Be3 h5 26.h3 Nd7 27.g4 hxg4 28.hxg4 
Nf6 29.Qf3 Nh7 30.Qh3 Qd8 31.Be4 Ng5 32.Qg2 Nxe4 33.Qxe4 Qh4 34.Kg2 f5 35.
Qf3 f4 36.Bxb6 Bh6 37.Re1 e4 38.Rxe4 Rxe4 39.Qxe4 Qxg4+ 40.Kf1 Qh3+ 41.Kg1
Qg4+ 42.Kf1 Qh3+ 43.Kg1 Qg4+ 1/2-1/2

[Event "31st WCh U20 Girls"]
[Site "Kocaeli TUR"]
[Date "2013.09.15"]
[Round "3.3"]
[White "Nguyen Thi Mai Hung"]
[Black "Saduakasova, Dinara"]
[Result "1/2-1/2"]
[WhiteElo "2222"]
[BlackElo "2326"]
[EventDate "2013.09.13"]
[PlyCount "70"]

1.d4 Nf6 2.Nf3 d5 3.e3 c5 4.dxc5 Qa5+ 5.Nbd2 Qxc5 6.c4 e6 7.a3 Qc7 8.Bd3 
Nbd7 9.cxd5 Nxd5 10.O-O Be7 11.Nb3 O-O 12.Bd2 b6 13.Rc1 Qb8 14.e4 N5f6 15.
Qe2 e5 16.Nh4 Nc5 17.Nxc5 Bxc5 18.Nf5 Bxf5 19.exf5 e4 20.Bb1 Qe5 21.Bc3 
Qxf5 22.b4 Bd6 23.Bxf6 Qxf6 24.Qxe4 g6 25.Rfe1 Qf4 26.Qxf4 Bxf4 27.Rcd1 
Rfd8 28.Be4 Rxd1 29.Rxd1 Rc8 30.g3 Rc1 31.Rxc1 Bxc1 32.a4 b5 33.axb5 Bd2 
34.b6 axb6 35.b5 Bb4 1/2-1/2

[Event "31st WCh U20 Girls"]
[Site "Kocaeli TUR"]
[Date "2013.09.15"]
[Round "3.4"]
[White "Pavlidou, Ekaterini"]
[Black "Zhai Mo"]
[Result "0-1"]
[WhiteElo "2216"]
[BlackElo "2309"]
[EventDate "2013.09.13"]
[PlyCount "112"]

1.d4 Nf6 2.c4 e6 3.Nc3 Bb4 4.Nf3 d5 5.e3 O-O 6.Bd3 c5 7.a3 Bxc3+ 8.bxc3 
dxc4 9.Bxc4 b6 10.O-O Bb7 11.Qe2 Qc7 12.Bb2 Nbd7 13.Ba2 b5 14.c4 bxc4 15.
Rfc1 Rab8 16.Bxc4 Ng4 17.e4 Ngf6 18.dxc5 Bxe4 19.Bd4 h6 20.Bd3 Bxd3 21.
Qxd3 e5 22.c6 exd4 23.cxd7 Qxd7 24.Qxd4 Rfc8 25.Qxd7 Nxd7 26.Nd4 Ne5 27.
Rxc8+ Rxc8 28.f4 Ng4 29.h3 Ne3 30.Kf2 Nd5 31.g3 Rc4 32.Rd1 Nc3 33.Rd3 Ne4+
34.Kg2 Nc5 35.Rd2 Ne4 36.Rd3 a5 37.Nb5 Rc5 38.Rd8+ Kh7 39.a4 Rc2+ 40.Kf3 
Nd2+ 41.Ke2 Nc4+ 42.Kf3 Ra2 43.Rd7 Rxa4 44.Rxf7 Rb4 45.Na7 Rb3+ 46.Kg4 a4 
47.Nc6 Ne3+ 48.Kh4 a3 49.Nd4 Rd3 50.Ne6 Kg6 51.Rxg7+ Kf6 52.Kh5 Kxe6 53.
Rg6+ Kf7 54.Rxh6 Rd5+ 55.f5 Rxf5+ 56.Kh4 Ra5 0-1

[Event "31st WCh U20 Girls"]
[Site "Kocaeli TUR"]
[Date "2013.09.15"]
[Round "3.5"]
[White "Bezgodova, Maria"]
[Black "Aulia, Medina Warda"]
[Result "0-1"]
[WhiteElo "2172"]
[BlackElo "2301"]
[EventDate "2013.09.13"]
[PlyCount "74"]

1.e4 e6 2.d4 d5 3.exd5 exd5 4.Nf3 Bg4 5.Bd3 Bd6 6.O-O Ne7 7.Bg5 Nbc6 8.c3 
Qd7 9.Re1 O-O-O 10.Nbd2 f6 11.Bh4 Nf5 12.Bg3 Nxg3 13.hxg3 h5 14.Qc2 Kb8 
15.Nh4 g5 16.Nf5 h4 17.Nf1 hxg3 18.fxg3 Bxf5 19.Bxf5 Qg7 20.Kf2 g4 21.Qe2 
Rh5 22.Bxg4 Rg5 23.Bf3 Ne7 24.Qd3 c5 25.Ke2 cxd4 26.cxd4 Nc6 27.Ne3 f5 28.
Nc2 Bxg3 29.Rf1 Bc7 30.Rad1 Re8+ 31.Kd2 Bf4+ 32.Kc3 Qc7 33.Qb5 Rc8 34.Kd3 
Ne5+ 35.dxe5 Qxc2+ 36.Kd4 a6 37.Qb3 Qc5+ 0-1

[Event "31st WCh U20 Girls"]
[Site "Kocaeli TUR"]
[Date "2013.09.15"]
[Round "3.6"]
[White "Cori Tello, Deysi"]
[Black "Xiao Yiyi"]
[Result "1-0"]
[WhiteElo "2433"]
[BlackElo "2163"]
[EventDate "2013.09.13"]
[PlyCount "75"]

1.d4 Nf6 2.Nf3 e6 3.e3 c5 4.Bd3 b6 5.O-O Bb7 6.c4 Be7 7.Nc3 cxd4 8.exd4 d5
9.cxd5 Bxd5 10.Nxd5 Qxd5 11.Qa4+ Nbd7 12.Bb5 Rd8 13.Bc6 Qd6 14.Ne5 O-O 15.
Bf4 Nh5 16.Nxf7 Qxf4 17.Nxd8 Rxd8 18.Bxd7 Qd6 19.Bc6 Bf6 20.Bf3 Nf4 21.Qc6
Qxc6 22.Bxc6 Rxd4 23.Rad1 Rc4 24.Bd7 Kf7 25.Rd2 a6 26.Re1 e5 27.Bf5 g6 28.
Be4 Rc7 29.Rd6 Be7 30.Rxb6 a5 31.g3 Bc5 32.Rb5 Nh5 33.Bd5+ Kf6 34.Rxa5 Bd4
35.Re2 Ng7 36.Ra6+ Kg5 37.h4+ Kf5 38.Kg2 1-0

[Event "31st WCh U20 Girls"]
[Site "Kocaeli TUR"]
[Date "2013.09.15"]
[Round "3.7"]
[White "Saranya, J."]
[Black "Kashlinskaya, Alina"]
[Result "0-1"]
[WhiteElo "2094"]
[BlackElo "2434"]
[EventDate "2013.09.13"]
[PlyCount "110"]

1.e4 e5 2.Bc4 Nf6 3.d3 c6 4.Qe2 Be7 5.Nf3 O-O 6.c3 d5 7.Bb3 Nbd7 8.O-O Qc7
9.Bg5 dxe4 10.dxe4 Nc5 11.Bc2 b6 12.Nbd2 Ne6 13.Be3 Ng4 14.h3 Nxe3 15.fxe3
a5 16.Bd3 Nc5 17.Bc2 Ba6 18.c4 b5 19.cxb5 cxb5 20.Rfd1 Na4 21.Nc4 Rfc8 22.
Bb3 bxc4 23.Bxa4 c3 24.Qf2 Rab8 25.bxc3 Qxc3 26.Bb3 Bc5 27.Re1 a4 28.Bxf7+
Kxf7 29.Ng5+ Kg8 30.Qf5 Bxe3+ 31.Rxe3 Qxe3+ 32.Kh1 Rc1+ 33.Kh2 Qg1+ 34.Kg3
Qe1+ 35.Kh2 Qg1+ 36.Kg3 Qe3+ 37.Kh4 h6 38.Qh7+ Kf8 39.Qf5+ Kg8 40.Qh7+ Kf8
41.Qf5+ Ke7 42.Qe6+ Kd8 43.Qd6+ Kc8 44.Qxa6+ Kc7 45.Qa5+ Kd7 46.Qd5+ Kc8 
47.Qe6+ Kb7 48.Qd7+ Kb6 49.Ne6 Rxa1 50.Qc7+ Ka6 51.Qc6+ Ka5 52.Qc7+ Rb6 
53.Qxe5+ Rb5 54.Qc7+ Kb4 55.Qe7+ Kc4 0-1

[Event "31st WCh U20 Girls"]
[Site "Kocaeli TUR"]
[Date "2013.09.15"]
[Round "3.8"]
[White "Wang Jue"]
[Black "Iwanow, Anna"]
[Result "1-0"]
[WhiteElo "2392"]
[BlackElo "2210"]
[EventDate "2013.09.13"]
[PlyCount "51"]

1.e4 e5 2.Nf3 Nc6 3.d4 exd4 4.Nxd4 Bc5 5.Nb3 Bb6 6.Nc3 Nf6 7.Bg5 h6 8.Bh4 
O-O 9.Qe2 a5 10.O-O-O a4 11.Nd2 a3 12.e5 axb2+ 13.Kb1 Nd5 14.Nxd5 Qxh4 15.
Ne4 d6 16.Ndf6+ gxf6 17.g3 Qxe4 18.Qxe4 fxe5 19.Bc4 Kg7 20.f4 Nd4 21.fxe5 
Bf5 22.Qf4 Nxc2 23.Bd3 Bd4 24.Kxc2 dxe5 25.Qxf5 Rxa2 26.Rb1 1-0

[Event "31st WCh U20 Girls"]
[Site "Kocaeli TUR"]
[Date "2013.09.15"]
[Round "3.9"]
[White "Khademalsharieh, Sarasadat"]
[Black "Ibrahimova, Sabina"]
[Result "1-0"]
[WhiteElo "2303"]
[BlackElo "2202"]
[EventDate "2013.09.13"]
[PlyCount "77"]

1.d4 Nf6 2.Nf3 g6 3.c4 Bg7 4.g3 d6 5.Bg2 O-O 6.O-O Nc6 7.Nc3 a6 8.Qd3 Nb4 
9.Qd2 a5 10.a3 Na6 11.Qd1 c6 12.e4 Bg4 13.h3 Bxf3 14.Qxf3 e5 15.Be3 Qe7 
16.Rab1 Nc7 17.Qd1 Nh5 18.d5 Nf6 19.c5 cxd5 20.exd5 Rfd8 21.b4 axb4 22.
axb4 e4 23.Bf4 dxc5 24.d6 Qe6 25.bxc5 Na6 26.Be3 Rac8 27.Na4 Nd7 28.Rb5 
Rb8 29.Qc2 Re8 30.Rfb1 Rbc8 31.Rxb7 Rc6 32.Qxe4 Qxe4 33.Bxe4 Rxe4 34.Rxd7 
h5 35.Rb6 Nb4 36.Rc7 Rxb6 37.cxb6 Nd5 38.Rc8+ Kh7 39.b7 1-0